| 000 | 01321nam a2200181 a 4500 | ||
|---|---|---|---|
| 001 | 000047387 | ||
| 005 | 20201002060519.0 | ||
| 008 | 180511s2003 dr 00 0 0 spa d | ||
| 040 |
_aDO-SdBNP _bspa _cBNPHU |
||
| 110 | 2 |
_aRepública Dominicana : _9447 |
|
| 240 | 1 | 0 | _a[Leyes, etc] |
| 245 | 0 | 0 |
_aReglamentos tributarios para la aplicación de títulos II, III y IV del código triburario de la República Dominicana : _bdecreto no. 139-98 13 de abril de 1998, decreto no. 140-98 del 13 de abril de 1998, decreto no. 79-03 del 14 de febrero del2003. Modificados por los decretos nos. 195-01 y 196-01, respectivamente, de fecha 8 de febrero del 2001. y el decreto180-03 que modifica el reglamento de aplicación de la Ley no. 20-00 sobre propiedad industrial . / _cRemberto Díaz Núñez. |
| 260 |
_aSanto Domingo, República Dominicana : _b[Cenado de la República], _c2003. |
||
| 300 |
_a142 p. ; _c21 cm. |
||
| 505 | 0 |
_aReglamento para la aplicación de títulos II, III y IV DEL código tributario de la República Dominicana -- _tDel impuesto sbore la renta -- _tImpuesto sobre transferencias de bienes indutrializados y servicios (ITEBIS) -- _tReglamento para la aplicación del títutlo IV del Código Triburario de la República Dominicana |
|
| 590 | _aInventariado, 2019/VM | ||
| 700 | 1 |
_aDíaz Núñez, Remberto _914514 |
|
| 999 |
_c46875 _d46875 |
||